Medical parasitology / (Record no. 12102)

MARC details
000 -LEADER
fixed length control field 00739cam a22002412 4500
001 - CONTROL NUMBER
control field 0000019671
005 - DATE AND TIME OF LATEST TRANSACTION
control field 20151217155226.0
008 - FIXED-LENGTH DATA ELEMENTS--GENERAL INFORMATION
fixed length control field 110118s xx 000 0 eng d
020 ## - INTERNATIONAL STANDARD BOOK NUMBER
International Standard Book Number 8123911874 :
040 ## - CATALOGING SOURCE
Original cataloging agency KABU
Transcribing agency KABU
100 1# - MAIN ENTRY--PERSONAL NAME
Personal name Arora, D. R.
-- 0000179516
245 10 - TITLE STATEMENT
Title Medical parasitology /
Statement of responsibility, etc. D. R. Arora and B. Arora.
250 ## - EDITION STATEMENT
Edition statement 2nd ed.
260 ## - PUBLICATION, DISTRIBUTION, ETC. (IMPRINT)
Place of publication, distribution, etc. New Delhi :
Name of publisher, distributor, etc. CBS,
Date of publication, distribution, etc. 2005.
300 ## - PHYSICAL DESCRIPTION
Extent xii, 243p.
650 #0 - SUBJECT ADDED ENTRY--TOPICAL TERM
Topical term or geographic name as entry element Medical parasitology.
-- 0000179517
650 #0 - SUBJECT ADDED ENTRY--TOPICAL TERM
Topical term or geographic name as entry element Parasites.
-- 0000179518
650 #0 - SUBJECT ADDED ENTRY--TOPICAL TERM
Topical term or geographic name as entry element Parasitic diseases.
-- 0000179519
700 1# - ADDED ENTRY--PERSONAL NAME
Dates associated with a name Arora, B.
852 1# - LOCATION
-- p1220 KES
852 1# - LOCATION
-- p1220 KES
908 ## - PUT COMMAND PARAMETER (RLIN)
Put command parameter 110118
Holdings
Withdrawn status Lost status Source of classification or shelving scheme Not for loan Home library Current library Date acquired Total Checkouts Total Renewals Full call number Barcode Date last seen Date last checked out Price effective from Koha item type
    Library of Congress Classification   Kabarak, Main Campus Kabarak, Main Campus 17/12/2015 54 4 QR251 .A76 2005 c.2 22763 02/12/2025 21/09/2025 17/12/2015 General Collection
    Library of Congress Classification   Kabarak, Main Campus Kabarak, Main Campus 17/12/2015 42 7 QR251 .A76 2005 c.1 22762 01/07/2025 12/06/2025 17/12/2015 General Collection
Designed with assistance from East African Informatics Ltd